000
00237nam a2200097Ia 4500
001
850835
005
20250826174445.0
008
250824s9999 xx 000 0 und d
245
0
_a
CANIN SAĞOLSUN
_c
SERKAN ÖZEL
260
_b
DESTEK YAYINLARI
999
_c
850835
_d
850835